{"text_format":"3","workbook":"xlsx","n_sheets":1,"sheets":["Karwas"],"read":"whole","date_system":"1900"}

{"sheet":"Karwas","index":0,"n_rows":119,"n_cols":20,"rows_kept":119,"merged":[[1,1,1,2],[1,3,1,13],[1,14,1,15],[3,1,3,2],[4,1,4,2],[5,1,5,2],[6,1,6,2],[7,1,7,2],[8,1,8,2],[9,1,9,2],[10,1,10,2],[28,1,28,2],[33,1,33,2],[36,1,36,2],[45,1,45,2],[47,1,47,2],[49,1,49,2],[51,1,51,2],[55,1,55,2],[65,1,65,2],[66,1,66,2],[67,1,67,2],[68,1,68,2],[69,1,69,2],[71,1,71,2],[72,1,72,2],[73,1,73,2],[74,1,74,2],[82,1,82,2],[85,1,85,2],[92,1,92,2],[98,1,98,2],[102,1,102,2],[105,1,105,2],[110,1,110,2]]}
["KODE "]
["KODE","PROGRAM/ KEGIATAN/ OUTPUT/\n KOMPONEN INPUT/AKUN/ RINCIAN BELANJA",null,"DETAIL",{"$nulls":10},"VOL.\n KEG",null,"BIAYA\n SATUAN","JUMLAH","UP 1","Sisa"]
[1,null,2,{"$nulls":4},3,{"$nulls":6},4,null,5,"6 = 4 * 5"]
["115.WA","PROGRAM DUKUNGAN MANAJEMEN",{"$nulls":15},{"v":814828000,"d":"814,828,000"}]
[6849,"PENGELOLAAN KEUANGAN, BMN, DAN UMUM",{"$nulls":15},{"v":605902000,"d":"605,902,000"}]
["6849.EBA","Layanan Dukungan Manajemen Internal",{"$nulls":15},{"v":605902000,"d":"605,902,000"}]
["6849.EBA.994","Layanan Perkantoran",{"$nulls":15},{"v":605902000,"d":"605,902,000"}]
[2,"Operasional dan Pemeliharaan Kantor",{"$nulls":15},{"v":605902000,"d":"605,902,000"}]
["B)","Operasional dan Pemeliharaan Kantor Kabupaten/kota",{"$nulls":15},{"v":605902000,"d":"605,902,000"}]
["BA)","Operasional dan Pemeliharaan Kantor",{"$nulls":15},{"v":605902000,"d":"605,902,000"}]
[521111,"Belanja Keperluan Perkantoran",{"$nulls":15},{"v":27692000,"d":"27,692,000"}]
[null,"-","Honorarium Non PNS",{"$nulls":14},"-"]
[null,null,"Tipe A"]
[null,null,"Kab Tangerang"]
[null,null,"Honor Pelaksana Teknis/Tenaga Pendukung",8,"ORG","x",8,"BULAN","x",1,"kk",{"$nulls":3},64,"OB",null,"-"]
[null,null,"Inkin Pelaksana Teknis/Tenaga Pendukung",8,"ORG","x",8,"BULAN","x",1,"kk",{"$nulls":3},64,"OB",null,"-"]
[]
[]
[null,null,"Pramusaji/Petugas Kebersihan kabtang",1,"Org","x",7,"Bulan","x",1,"kk",{"$nulls":3},7,"OB",null,"-"]
[null,"-","Keperluan Sehari-hari Perkantoran",{"$nulls":14},{"v":20000000,"d":"20,000,000"}]
[null,null,"Keperluan Sehari-hari Perkantoran",1,"PAKET","x",1,"TAHUN","x",1,"kk",{"$nulls":3},1,"PKT",{"v":20000000,"d":"20,000,000"},{"v":20000000,"d":"20,000,000"}]
[null,"-","Jamuan Tamu",{"$nulls":14},{"v":2592000,"d":"2,592,000"}]
[null,null,"Jamuan Tamu (Makan)",2,"Org","x",2,"Kali","x",12,"Bulan","x",1,"kk",48,"OB",{"v":54000,"d":"54,000"},{"v":2592000,"d":"2,592,000"}]
[null,"-","Langganan Internet",{"$nulls":14},{"v":1500000,"d":"1,500,000"}]
[null,null,"Langganan Internet",1,"PAKET","x",2,"Bulan","x",1,"kk",{"$nulls":3},2,"BLN",{"v":750000,"d":"750,000"},{"v":1500000,"d":"1,500,000"}]
[null,"-","Lisensi Aplikasi Video Conference",{"$nulls":14},{"v":3600000,"d":"3,600,000"}]
[null,null,"Pengadaan Lisensi Aplikasi Video Conference",1,"Akun","x",12,"bulan","x",1,"kk",{"$nulls":3},12,"AKUN",{"v":300000,"d":"300,000"},{"v":3600000,"d":"3,600,000"}]
[]
[522191,"Belanja Jasa Lainnya",{"$nulls":15},{"v":61250000,"d":"61,250,000"}]
[null,null,"Pramusaji/Petugas Kebersihan/ satpam kabtang",1,"Org","x",1,"Bulan","x",1,"kk",{"$nulls":3},1,"OB",{"v":17150000,"d":"17,150,000"},{"v":17150000,"d":"17,150,000"}]
[null,null,"pendukung kabtang tidak lolos p3k",2,"Org","x",9,"Bulan","x",1,"kk",{"$nulls":3},18,"OB",{"v":2450000,"d":"2,450,000"},{"v":44100000,"d":"44,100,000"}]
[]
[]
[521114,"Belanja pengiriman surat dinas pos pusat",{"$nulls":15},"-"]
[null,null,"Jasa Pengiriman Surat",1,"PAKET","x",12,"BULAN","x",1,"kk",{"$nulls":3},12,"BLN",{"v":100000,"d":"100,000"}]
[]
[521115,"Honor Operasional Satuan Kerja",{"$nulls":15},{"v":24080000,"d":"24,080,000"}]
[null,"-","Honorarium Pengelola Keuangan Non Satker"]
[]
[null,null,"Pejabat Pembuat Komitmen",1,"Org","x",9,"Bulan","x",1,"kk",{"$nulls":3},9,"OB",{"v":1750000,"d":"1,750,000"},{"v":15750000,"d":"15,750,000"}]
[]
[]
[null,null,"Bendahara Pengeluaran Pembantu",1,"Org","x",9,"Bulan","x",1,"kk",{"$nulls":3},9,"OB",{"v":490000,"d":"490,000"},{"v":4410000,"d":"4,410,000"}]
[null,null,"Staf Pengelola Keuangan",1,"Org","x",8,"Bulan","x",1,"kk",{"$nulls":3},8,"OB",{"v":490000,"d":"490,000"},{"v":3920000,"d":"3,920,000"}]
[]
[522111,"Belanja Langganan Listrik",{"$nulls":15},{"v":66000000,"d":"66,000,000"}]
[null,null,"Langganan Listrik kabtang",1,"PKT","x",12,"Bulan","x",1,"kk",{"$nulls":3},12,"OB",{"v":5500000,"d":"5,500,000"},{"v":66000000,"d":"66,000,000"}]
[522112,"Belanja Langganan Telepon",{"$nulls":15},{"v":380000,"d":"380,000"}]
[null,null,"Langganan Telepon",1,"PKT","x",1,"Bulan","x",1,"kk",{"$nulls":3},1,"OB",{"v":380000,"d":"380,000"},{"v":380000,"d":"380,000"}]
[522113,"Belanja Langganan Air",{"$nulls":15},{"v":7200000,"d":"7,200,000"}]
[null,null,"Air PAM",1,"PKT","x",12,"Bulan","x",2,"kk",{"$nulls":3},24,"OB",{"v":300000,"d":"300,000"},{"v":7200000,"d":"7,200,000"}]
[522141,"Belanja Sewa",{"$nulls":15},{"v":406800000,"d":"406,800,000"}]
[null,"-","Sewa kendaraan operasional Kab/Kota"]
[null,null,"Sewa Kendaraan Operaisonal",6,"Unit","x",1,"K/K","x",12,"Bln",{"$nulls":3},72,"UB",{"v":5650000,"d":"5,650,000"},{"v":406800000,"d":"406,800,000"}]
[]
[523121,"Belanja Biaya Pemeliharaan Peralatan dan Mesin",{"$nulls":15},{"v":12500000,"d":"12,500,000"}]
[null,"-","Kendaraan Operasional/Pejabat",{"$nulls":14},{"v":12500000,"d":"12,500,000"}]
[null,null,"STNK/Pajak Kendaraan Dinas Operasional (Pinjam Pakai) Kabupaten Tangerang",1,"Unit","x",1,"kk",{"$nulls":6},1,"UT",{"v":3500000,"d":"3,500,000"},{"v":3500000,"d":"3,500,000"}]
[null,null,"bbm kendaraan",6,"Unit","x",1,"bulan","x",1,"kk","x",150,"liter",900,"UT",{"v":10000,"d":"10,000"},{"v":9000000,"d":"9,000,000"}]
[]
[null,"-","Pemeliharaan Inventaris Kantor",{"$nulls":14},"-"]
[null,null,"PC/Laptop",1,"Unit","x",1,"TAHUN","x",1,"kk",{"$nulls":3},1,"UT",{"v":437000,"d":"437,000"}]
[]
[null,null,"AC",3,"Unit","x",1,"TAHUN","x",1,"KALI","x",1,"kk",3,"UT",{"v":610000,"d":"610,000"}]
[]
[6850,"PENGELOLAAN ORGANISASI DAN SDM",{"$nulls":15},{"v":208926000,"d":"208,926,000"}]
["6850.EBA","Layanan Dukungan Manajemen Internal",{"$nulls":15},{"v":208926000,"d":"208,926,000"}]
["6850.EBA.962","Layanan Umum",{"$nulls":15},{"v":208926000,"d":"208,926,000"}]
[201,"Fasilitasi pembinaan dan penguatan kelembagaan Bawaslu Provinsi",{"$nulls":15},"-"]
["A)","tanpa sub komponen",{"$nulls":15},"-"]
[]
[301,"Fasilitasi pembinaan dan penguatan kelembagaan Bawaslu Kabupaten/Kota",{"$nulls":15},{"v":208926000,"d":"208,926,000"}]
["c)","Kab tangerang",{"$nulls":15},{"v":208926000,"d":"208,926,000"}]
[521211,"Belanja Bahan"]
[null,"pembinaan dan penguatan kelembagaan Bawaslu kab kota"]
[null,null,"ATK",1,"Kali","x",1,"PKT","x",1,"kk",{"$nulls":3},1,"PKT",{"v":686000,"d":"686,000"},{"v":686000,"d":"686,000"}]
[null,null,"spanduk (backdrop)",1,"Kali","x",1,"PKT","x",1,"kk",{"$nulls":3},1,"PKT",{"v":800000,"d":"800,000"},{"v":800000,"d":"800,000"}]
[null,null,"seminar kit",1,"Kali","x",100,"PKT","x",1,"kk",{"$nulls":3},100,"PKT",{"v":50000,"d":"50,000"},{"v":5000000,"d":"5,000,000"}]
[null,null,"piagam",1,"Kali","x",5,"PKT","x",1,"kk",{"$nulls":3},5,"PKT",{"v":200000,"d":"200,000"},{"v":1000000,"d":"1,000,000"}]
[{"$nulls":17},"-"]
[null,"-","Rapat Biasa"]
[null,null,"Konsumsi dan snack",12,"kali","x",25,"orang","X",1,"kk",{"$nulls":3},300,"pkt",{"v":75000,"d":"75,000"},{"v":22500000,"d":"22,500,000"}]
[]
[{"$nulls":17},"-"]
[]
[524114,"Belanja perjalanan dinas paket meeting Dalam kota"]
[null,null,"paket Fullday",1,"KALI","x",100,"ORG","x",1,"HARI","x",1,"kk",100,"OH",{"v":495000,"d":"495,000"},{"v":49500000,"d":"49,500,000"}]
[null,null,"transport",1,"KALI","x",100,"ORG","x",1,"kk",{"$nulls":3},100,"OH",{"v":150000,"d":"150,000"},{"v":15000000,"d":"15,000,000"}]
[null,null,"Uang Harian Paket Meeting",1,"KALI","x",100,"ORG","x",1,"HARI","x",1,"kk",100,"OH",{"v":95000,"d":"95,000"},{"v":9500000,"d":"9,500,000"}]
[null,null,"Paket Fullday Narasumber/DPR/TA/NGO/BUPATI",1,"KALI","x",5,"ORG","x",1,"HARI","x",1,"kk",5,"OH",{"v":495000,"d":"495,000"},{"v":2475000,"d":"2,475,000"}]
[null,null,"Penginapan Narsum DPR",1,"Kali","x",1,"Org","x",1,"Hr",{"$nulls":3},1,"OH",{"v":1725000,"d":"1,725,000"},{"v":1725000,"d":"1,725,000"}]
[null,null,"Penginapan Narsum eselon III/TA",1,"Kali","x",1,"Org","x",1,"Hr",{"$nulls":3},1,"OH",{"v":1300000,"d":"1,300,000"},{"v":1300000,"d":"1,300,000"}]
[522151,"Belanja Jasa Profesi"]
[null,null,"Narasumber Eksternal DPR",1,"Kali","x",4,"Jam","x",1,"Org","x",1,"kk",4,"OJ",{"v":1700000,"d":"1,700,000"},{"v":6800000,"d":"6,800,000"}]
[null,null,"Narasumber Eksternal eselon II/NGO",1,"Kali","x",2,"Jam","x",2,"Org","x",1,"kk",4,"OJ",{"v":1000000,"d":"1,000,000"},{"v":4000000,"d":"4,000,000"}]
[null,null,"Narasumber Eksternal eselon III/TA",1,"Kali","x",3,"Jam","x",1,"Org","x",1,"kk",3,"OJ",{"v":900000,"d":"900,000"},{"v":2700000,"d":"2,700,000"}]
[null,null,"Narasumber Eksternal eselon II/Bupati",1,"Kali","x",2,"Jam","x",1,"Org","x",1,"kk",2,"OJ",{"v":1000000,"d":"1,000,000"},{"v":2000000,"d":"2,000,000"}]
[]
[524119,"Belanja perjalanan dinas paket meeting luar kota"]
[null,"-","Perjalanan dalam rangka menghadiri giat fasilitasi pembinaan dan penguatan kelembagaan dan kesekretariatan bawaslu"]
[null,null,"Uang Harian",4,"Kali","x",3,"Org","x",1,"Hr","x",1,"kk",12,"OH",{"v":370000,"d":"370,000"},{"v":4440000,"d":"4,440,000"}]
[null,null,"Transport",4,"Kali","x",3,"Org","x",1,"kk",{"$nulls":3},12,"OK",{"v":1000000,"d":"1,000,000"},{"v":12000000,"d":"12,000,000"}]
[522141,"Belanja Sewa"]
[{"$nulls":17},"-"]
[]
[524111,"Belanja perjalanan biasa"]
[null,"-","perjalanan dinas ke provinsi"]
[null,null,"Uang Harian",5,"Kali","x",5,"Org","x",2,"Hr","x",1,"kk",50,"OH",{"v":370000,"d":"370,000"},{"v":18500000,"d":"18,500,000"}]
[null,null,"transport",5,"Kali","x",5,"Org","x",2,"Hr","x",1,"kk",50,"OK",{"v":500000,"d":"500,000"},{"v":25000000,"d":"25,000,000"}]
[]
[524113,"Belanja perjalanan dalam kota"]
[null,"-","perjalanan dinas peserta rapat dalam kantor"]
[null,null,"transport",11,"Kali","x",5,"Org","x",1,"kk",{"$nulls":3},55,"OK",{"v":150000,"d":"150,000"},{"v":8250000,"d":"8,250,000"}]
[null,"-","perjalanan dinas dalam kota"]
[null,null,"transport",21,"Kali","x",5,"Org","x",1,"kk",{"$nulls":3},105,"OK",{"v":150000,"d":"150,000"},{"v":15750000,"d":"15,750,000"}]
[]
[]
[]
[{"$nulls":17},"-"]